Reed's Vol.4: naval architecture for marine engineers / (Record no. 3043)

000 -LEADER
fixed length control field 00438nam a2200157Ia 4500
008 - FIXED-LENGTH DATA ELEMENTS--GENERAL INFORMATION
fixed length control field 200103s9999||||xx |||||||||||||| ||und||
020 ## - INTERNATIONAL STANDARD BOOK NUMBER
International Standard Book Number 9780713667349,
100 ## - MAIN ENTRY--PERSONAL NAME
Personal name Stokoe, E. A. 
245 #0 - TITLE STATEMENT
Title Reed's Vol.4: naval architecture for marine engineers /
250 ## - EDITION STATEMENT
Edition statement 4th ed.
260 ## - PUBLICATION, DISTRIBUTION, ETC. (IMPRINT)
Name of publisher, distributor, etc Adlard Coles Nautical,
Date of publication, distribution, etc 2007.
Place of publication, distribution, etc London:
300 ## - PHYSICAL DESCRIPTION
Extent 392p.
490 0# - SERIES STATEMENT
Volume number/sequential designation Vol. 4
650 #0 - SUBJECT ADDED ENTRY--TOPICAL TERM
Topical term or geographic name as entry element Naval Architecture
942 ## - ADDED ENTRY ELEMENTS (KOHA)
Item type Books
Holdings
Withdrawn status Lost status Source of classification or shelving scheme Damaged status Not for loan Permanent location Current location Date acquired Source of acquisition Full call number Barcode Date last seen Cost, replacement price Koha item type Cost, normal purchase price
          IMU Kolkata IMU Kolkata 2010-05-13 Shroff Publishers and Distributors 623.81 S8749 11138 2020-03-19 2164.00 Books  
          IMU Kolkata IMU Kolkata 2020-07-28 15     2020-07-28 2164.00 Books 2164.00
Designed and Maintained by IMU-KC Library, Kolkata Campus © Copyright All Rights Reserved

webs counters

Powered by Koha